Goa through the eyes of fanchu Loyola (Record no. 2864)
[ view plain ]
| 000 -LEADER | |
|---|---|
| fixed length control field | 00629 a2200193 4500 |
| 010 ## - LIBRARY OF CONGRESS CONTROL NUMBER | |
| LC control number | ENG-85543 |
| 020 ## - INTERNATIONAL STANDARD BOOK NUMBER | |
| Terms of availability | 150.00 |
| 035 ## - SYSTEM CONTROL NUMBER | |
| System control number | EN-69076 |
| 037 ## - SOURCE OF ACQUISITION | |
| Source of stock number/acquisition | D.B.Act / Pub |
| 082 14 - DEWEY DECIMAL CLASSIFICATION NUMBER | |
| Classification number | 320.95464 |
| 090 ## - LOCALLY ASSIGNED LC-TYPE CALL NUMBER (OCLC); LOCAL CALL NUMBER (OCLC) | |
| -- | 2920 |
| -- | 2920 |
| 100 1# - MAIN ENTRY--PERSONAL NAME | |
| Personal name | D'souza, Carmo |
| 245 1# - TITLE STATEMENT | |
| Title | Goa through the eyes of fanchu Loyola |
| Statement of responsibility, etc | by Carmo D'Souza translated by Lino Leitao |
| Remainder of title | Jose Inacio Candido de Loyola |
| 260 ## - PUBLICATION, DISTRIBUTION, ETC. (IMPRINT) | |
| Place of publication, distribution, etc | Goa |
| Name of publisher, distributor, etc | Agnelo D'Souza |
| Date of publication, distribution, etc | 2005 |
| 270 ## - ADDRESS | |
| Address | Calangute |
| City | Goa |
| 300 ## - PHYSICAL DESCRIPTION | |
| Extent | viii, 80 p. |
| Dimensions | 22 cm (Pbk.) |
| 942 ## - ADDED ENTRY ELEMENTS (KOHA) | |
| Institution code [OBSOLETE] | dpl |
| Koha item type | English Books |
| Call number prefix | 320.954.64 / D'SO |
| Withdrawn status | Lost status | Source of classification or shelving scheme | Damaged status | Not for loan | Collection code | Home library | Current library | Source of acquisition | Cost, normal purchase price | Total Checkouts | Full call number | Barcode | Date last seen | Copy number | Uniform Resource Identifier | Cost, replacement price | Price effective from | Koha item type |
|---|---|---|---|---|---|---|---|---|---|---|---|---|---|---|---|---|---|---|
| Dewey Decimal Classification | Not For Loan | Non-fiction | D.B.Act.Division | D.B.Act.Division | DBAD/PUB | 150.00 | 320.95464 DSO | EN-69076 | 15/09/2008 | 1 | 3053 | 150.00 | 15/09/2008 | English Books |
